000 01252pam a2200301 a 4500
999 _c7653
_d7653
001 7653
003 BD-JhCC
005 20180417082625.0
008 810824r19811983caua b 100 0 eng
020 _a0803916272
020 _a0803916280 (pbk.)
035 _a(BD-JhCC)7653
040 _aDLC
_cDLC
_dDLC
_dBD-JhCC
041 _aeng
050 0 0 _aHT108
_b.U7 vol. 21
_aHT123
082 0 0 _a307.7/6 URB 1981
_219
245 0 0 _aUrban policy analysis :
_bdirections for future research /
_cedited by Terry Nichols Clark.
260 _aBeverly Hills, Calif. :
_bSage Publications,
_cc1981.
300 _a296 p. :
_bill. ;
_c21 cm.
440 0 _aUrban affairs annual reviews ;
_vv. 21
500 _aIncludes edited papers presented at the Conference on Comparative Urban Policy Research, held Apr. 26-27, 1981, University of Chicago, which was supported by the National Science Foundation.
504 _aIncludes bibliographies.
650 0 _aUrban policy
_xResearch
_zUnited States
_vCongresses.
700 1 _aClark, Terry Nichols,
_d1940-
711 2 _aConference on Comparative Urban Policy Research
_d(1981 :
_cUniversity of Chicago)
856 4 2 _3Publisher description
_uhttp://www.loc.gov/catdir/enhancements/fy0660/81014404-d.html
942 _2ddc
_cBK